Conceptos y guía metodológica para el manejo integrado de zonas costeras en Colombia : (Registro nro. 8202)
[ vista simple ]
| 000 -CABECERA | |
|---|---|
| Campo de control | 00978nam a22002417a 4500 |
| 005 - FECHA Y HORA DE LA ULTIMA TRANSACCION | |
| Campo de control | 20160811150257.0 |
| 008 - ELEMENTOS DE LONGITUD FIJA—INFORMACION GENERAL | |
| Campo de control | 100409s2003 ck gr 000 0dspa d |
| 020 ## - ISBN | |
| ISBN | 9589730175 |
| 041 0# - IDIOMA | |
| Código de idioma para texto/pista de sonido o título separado | Español |
| 044 ## - PAÍS DE PUBLICACIÓN | |
| País de publicación | Colombia |
| 082 04 - NUMERO DE CLASIFICACION DECIMAL DEWEY | |
| Número de clasificación | 333.917 |
| Número del ítem | I62c |
| 245 00 - MENCION DE TITULO | |
| Título | Conceptos y guía metodológica para el manejo integrado de zonas costeras en Colombia : |
| Name of part/section of a work | manual 1 : Preparación, caracterización y diagnóstico / |
| Mención de responsabilidad | David Alonso Carvajal ... [et al.]. |
| 260 ## - PUBLICACION, DISTRIBUCION, ETC. (PIE DE IMPRENTA) | |
| Lugar de publicación, distribución, etc. | Santa Marta, Colombia |
| Nombre del editor, distribuidor, etc. | Invemar |
| Fecha de publicación, distribución, etc. | 2003 |
| 300 ## - DESCRIPCION FISICA | |
| Extensión | 94 p. ; |
| Otros detalles físicos | tablas, mapas |
| Dimensiones | 30 cm. |
| 490 0# - MENCION DE SERIE | |
| Mención de serie | Serie de documentos generales Invemar ; |
| Designación numérica/secuencial del volumen | no. 12 |
| 650 ## - ASIENTO SECUNDARIO DE MATERIA - TERMINO TEMATICO | |
| Término temático o nombre geográfico como elemento de entrada | Manejo de zonas costeras |
| Subdivisión geográfica | Santa Marta (Magdalena, Colombia) |
| 650 #4 - ASIENTO SECUNDARIO DE MATERIA - TERMINO TEMATICO | |
| Término temático o nombre geográfico como elemento de entrada | Zonas costeras |
| Subdivisión geográfica | Santa Marta (Magdalena, Colombia) |
| 700 1# - ASIENTO SECUNDARIO - NOMBRE PERSONAL | |
| Nombre personal | Alonso-Carvajal, David |
| 700 1# - ASIENTO SECUNDARIO - NOMBRE PERSONAL | |
| Nombre personal | Arias-Isaza, Francisco |
| 700 1# - ASIENTO SECUNDARIO - NOMBRE PERSONAL | |
| Nombre personal | Fontalvo, Martha Liliana |
| 700 1# - ASIENTO SECUNDARIO - NOMBRE PERSONAL | |
| Nombre personal | Sierra-Correa, Paula Cristina |
| 942 ## - ELEMENTOS ADICIONALES (KOHA) | |
| Sistema de clasificación | Dewey Decimal Classification |
| Tipo de ítem | Impreso |
| Withdrawn status | Lost status | Sistema de Clasificación | Damaged status | No para préstamo | Colección | Inventariado | Ubicación Permanente | Ubicación actual | Fecha de adquisición | Fuente de Valor | Valor | Total Checkouts | Número topográfico | Inventario / Código de Barras | Date last seen | Ejemplar | Price effective from | Forma de adquisición | Tipo de material |
|---|---|---|---|---|---|---|---|---|---|---|---|---|---|---|---|---|---|---|---|
| Dewey Decimal Classification | General | Inventariado 2017 | Sala Fabio Quevedo | Sala Fabio Quevedo | 03/03/2014 | Instituto | 15000.00 | LB-333.917 I62c | 034101 | 03/03/2014 | Ej. 1 | 03/03/2014 | Canje | Libro |